logo

MATLIB : A practical Introduction to Programming and problem solving (Record no. 2030)

000 -LEADER
fixed length control field 00657nam a22002177a 4500
003 - CONTROL NUMBER IDENTIFIER
control field SLTCLib
008 - FIXED-LENGTH DATA ELEMENTS--GENERAL INFORMATION
fixed length control field 260610b ce ||||| |||| 00| 0 eng d
020 ## - INTERNATIONAL STANDARD BOOK NUMBER
International Standard Book Number 9780323917506
041 ## - LANGUAGE CODE
Language code of text/sound track or separate title English Language
080 ## - UNIVERSAL DECIMAL CLASSIFICATION NUMBER
Universal Decimal Classification number 004.432.2
Item number ATT
100 ## - MAIN ENTRY--PERSONAL NAME
Personal name Attaway, Stormy
9 (RLIN) 3583
245 ## - TITLE STATEMENT
Title MATLIB : A practical Introduction to Programming and problem solving
250 ## - EDITION STATEMENT
Edition statement 6th ed.
260 ## - PUBLICATION, DISTRIBUTION, ETC. (IMPRINT)
Place of publication, distribution, etc United Kingdom
Name of publisher, distributor, etc Butterworth- Heinemann
Date of publication, distribution, etc 2023
300 ## - PHYSICAL DESCRIPTION
Extent 570p.
650 #0 - SUBJECT ADDED ENTRY--TOPICAL TERM
9 (RLIN) 3132
Topical term or geographic name as entry element Programming languages
650 #0 - SUBJECT ADDED ENTRY--TOPICAL TERM
9 (RLIN) 2070
Topical term or geographic name as entry element Computer science
650 #0 - SUBJECT ADDED ENTRY--TOPICAL TERM
9 (RLIN) 3582
Topical term or geographic name as entry element MATLIB Programming
942 ## - ADDED ENTRY ELEMENTS (KOHA)
Source of classification or shelving scheme
Koha item type Reference Materials
945 ## - LOCAL PROCESSING INFORMATION (OCLC)
a 3725
b Ishara wickramage
c 3725
d Ishara wickramage
Holdings
Withdrawn status Lost status Source of classification or shelving scheme Damaged status Not for loan Permanent Location Current Location Shelving location Date acquired Source of acquisition Cost, normal purchase price Full call number Barcode Date last seen Price effective from Koha item type
          Library of SLTC Library of SLTC Reference Section 2026-06-10 Purchased 24858.00 004.432.2 ATT 003425 2026-06-10 2026-06-10 Reference Materials
          Library of SLTC Library of SLTC Reference Section 2026-06-10 Purchased 24858.00 004.432.2 ATT 003426 2026-06-10 2026-06-10 Reference Materials
Ghostwriter

All Rights Reserved, Library of SLTC
Sri Lanka Technological Campus, Ingiriya Road, Padukka, Sri Lanka - Telephone: +, Fax: + -
Email:library@sltc.edu.lk
Designed & Maintained by Nimal Hettiarachchi
Last Updated: 15-April -2018